[Event "SRB-chT (Women)"]
[Site "Kragujevac"]
[Date "2013.09.02"]
[Round "10.5"]
[White "Manakova, Maria"]
[Black "Babic, Marijana"]
[Result "1-0"]
[WhiteElo "2351"]
[BlackElo "2138"]
[PlyCount "71"]
[EventDate "2013.08.24"]
[EventType "team-tourn"]
[EventRounds "11"]
[EventCountry "SRB"]
[SourceTitle "CBM 156 Extra"]
[Source "ChessBase"]
[SourceDate "2013.10.22"]
[SourceVersion "1"]
[SourceVersionDate "2013.10.22"]
[SourceQuality "1"]
[WhiteTeam "Belgrade Rad (W)"]
[BlackTeam "Belgrade Radnicki (W)"]
[WhiteTeamCountry "SRB"]
[BlackTeamCountry "SRB"]

1. c4 e6 2. Nc3 d5 3. d4 Nf6 4. cxd5 exd5 5. Bg5 Be7 6. e3 0-0 7. Qc2 Nbd7 8. Bd3 Re8 9. Nge2 c6 10. 0-0 Ne4 11. Bxe4 dxe4 12. Bf4 f5 13. Nd5 Nf6 14. Nc7 Nd5 15. Nxa8 Be6 16. Be5 Nb4 17. Qa4 Qxa8 18. Nf4 Bc4 19. Rfc1 b5 20. Qa5 g5 21. Nh5 Kf7 22. Ng7 Nd3 23. Nxe8 Nxc1 24. Nd6+ Bxd6 25. Bxd6 Nd3 26. b3 Bd5 27. Qc7+ Kg6 28. h4 gxh4 29. b4 h3 30. a4 Qg8 31. axb5 Kh5 32. Bg3 cxb5 33. Rxa7 h6 34. Qe7 hxg2 35. Qh4+ Kg6 36. Ra6+ 1-0

[Event "SRB-chT (Women)"]
[Site "Kragujevac"]
[Date "2013.09.01"]
[Round "9.2"]
[White "Babic, Marijana"]
[Black "Gaponenko, Inna"]
[Result "1/2-1/2"]
[WhiteElo "2138"]
[BlackElo "2390"]
[PlyCount "70"]
[EventDate "2013.08.24"]
[EventType "team-tourn"]
[EventRounds "11"]
[EventCountry "SRB"]
[SourceTitle "CBM 156 Extra"]
[Source "ChessBase"]
[SourceDate "2013.10.22"]
[SourceVersion "1"]
[SourceVersionDate "2013.10.22"]
[SourceQuality "1"]
[WhiteTeam "Belgrade Radnicki (W)"]
[BlackTeam "Belgrade BAS (W)"]
[WhiteTeamCountry "SRB"]
[BlackTeamCountry "SRB"]

1. e4 g6 2. d4 Bg7 3. Nf3 d6 4. Nc3 Nf6 5. h3 0-0 6. Be3 b6 7. Bc4 Bb7 8. d5 c6 9. 0-0 b5 10. dxc6 Bxc6 11. Nxb5 a6 12. Nc3 Nxe4 13. Nxe4 Bxe4 14. c3 Nd7 15. Qe2 Bxf3 16. Qxf3 Ne5 17. Qe2 Nxc4 18. Qxc4 Qc8 19. Qe2 Rb8 20. Rac1 Qc6 21. b3 a5 22. c4 a4 23. Qd3 axb3 24. axb3 Rb7 25. Bd2 Qc5 26. b4 Qd4 27. Qc2 Rc8 28. Be3 Qb2 29. Qe4 Rxb4 30. Qxe7 Qf6 31. Qxf6 Bxf6 32. Rfd1 Be7 33. Bf4 Rbxc4 34. Rxc4 Rxc4 35. Bxd6 Bxd6 1/2-1/2

[Event "SRB-chT (Women)"]
[Site "Kragujevac"]
[Date "2013.08.29"]
[Round "6.4"]
[White "Babic, Marijana"]
[Black "Miladinovic, Lena"]
[Result "1/2-1/2"]
[WhiteElo "2138"]
[BlackElo "2106"]
[PlyCount "20"]
[EventDate "2013.08.24"]
[EventType "team-tourn"]
[EventRounds "11"]
[EventCountry "SRB"]
[SourceTitle "CBM 156 Extra"]
[Source "ChessBase"]
[SourceDate "2013.10.22"]
[SourceVersion "1"]
[SourceVersionDate "2013.10.22"]
[SourceQuality "1"]
[WhiteTeam "Belgrade Radnicki (W)"]
[BlackTeam "Kosanska Mitrovica (W)"]
[WhiteTeamCountry "SRB"]
[BlackTeamCountry "SRB"]

1. e4 e5 2. Nf3 Nc6 3. Bc4 Bc5 4. 0-0 Nf6 5. d3 0-0 6. a3 d6 7. Nc3 a6 8. Be3 Bxe3 9. fxe3 Be6 10. Bxe6 fxe6 1/2-1/2

[Event "SRB-chT (Women)"]
[Site "Kragujevac"]
[Date "2013.08.28"]
[Round "5.2"]
[White "Rapport, Jovana"]
[Black "Babic, Marijana"]
[Result "1-0"]
[WhiteElo "2376"]
[BlackElo "2138"]
[PlyCount "77"]
[EventDate "2013.08.24"]
[EventType "team-tourn"]
[EventRounds "11"]
[EventCountry "SRB"]
[SourceTitle "CBM 156 Extra"]
[Source "ChessBase"]
[SourceDate "2013.10.22"]
[SourceVersion "1"]
[SourceVersionDate "2013.10.22"]
[SourceQuality "1"]
[WhiteTeam "Goracici Jelica (W)"]
[BlackTeam "Belgrade Radnicki (W)"]
[WhiteTeamCountry "SRB"]
[BlackTeamCountry "SRB"]

1. Nf3 d5 2. c4 e6 3. g3 Nf6 4. Bg2 Be7 5. 0-0 0-0 6. d4 c6 7. Qc2 Nbd7 8. Rd1 b6 9. Nc3 Ba6 10. b3 Rc8 11. e4 Qc7 12. Bf4 Qb7 13. Nd2 Qa8 14. a4 Bb4 15. a5 bxa5 16. c5 Ne8 17. Na2 Bb5 18. Nxb4 axb4 19. Qa2 a6 20. Bf1 e5 21. dxe5 Nxc5 22. Be3 Nd7 23. Bh3 f5 24. e6 Ne5 25. Bc5 fxe4 26. Bxf8 Kxf8 27. Bf1 Nd3 28. Nf3 c5 29. Ne1 c4 30. Nxd3 cxd3 31. Qa5 Qb7 32. Rac1 Rc2 33. Qxb4+ Qe7 34. Qe1 Qxe6 35. Rxc2 dxc2 36. Rc1 Qc6 37. Bxb5 Qxb5 38. Qc3 Nf6 39. Rxc2 1-0

[Event "SRB-chT (Women)"]
[Site "Kragujevac"]
[Date "2013.08.26"]
[Round "3.3"]
[White "Tomin, Ksenija"]
[Black "Babic, Marijana"]
[Result "1/2-1/2"]
[WhiteElo "1926"]
[BlackElo "2138"]
[PlyCount "84"]
[EventDate "2013.08.24"]
[EventType "team-tourn"]
[EventRounds "11"]
[EventCountry "SRB"]
[SourceTitle "CBM 156 Extra"]
[Source "ChessBase"]
[SourceDate "2013.10.22"]
[SourceVersion "1"]
[SourceVersionDate "2013.10.22"]
[SourceQuality "1"]
[WhiteTeam "Petrovaradin (W)"]
[BlackTeam "Belgrade Radnicki (W)"]
[WhiteTeamCountry "SRB"]
[BlackTeamCountry "SRB"]

1. e4 e5 2. Nf3 Nc6 3. Bc4 Bc5 4. c3 Nf6 5. d3 d6 6. Bb3 0-0 7. 0-0 a6 8. h3 Kh8 9. Re1 Bb6 10. d4 Qe7 11. d5 Nd8 12. Nbd2 Ng8 13. Nc4 Ba7 14. Bc2 f5 15. Bg5 Qf7 16. exf5 Bxf5 17. Bxf5 Qxf5 18. Be3 e4 19. Nh2 b5 20. Bxa7 Rxa7 21. Nd2 Nf6 22. Qe2 Nxd5 23. Nxe4 Nc6 24. Ng3 Qf7 25. Nf3 Raa8 26. Ng5 Qg6 27. Qh5 Qxh5 28. Nxh5 g6 29. Ng3 Ne5 30. a4 Nd3 31. Re2 N5f4 32. Rd2 Rae8 33. axb5 axb5 34. Rad1 Ne5 35. b3 Kg7 36. Rd4 h6 37. N5e4 h5 38. h4 Nc6 39. R4d2 Ne5 40. Rd4 Ne6 41. Rd5 Rb8 42. Ne2 Ng4 1/2-1/2

[Event "SRB-chT (Women)"]
[Site "Novi Sad"]
[Date "2010.08.23"]
[Round "1"]
[White "Vuckovic, Lidija"]
[Black "Babic, Marijana"]
[Result "1/2-1/2"]
[WhiteElo "1738"]
[BlackElo "2173"]
[PlyCount "29"]
[EventDate "2010.08.23"]
[EventType "team-tourn"]
[EventRounds "11"]
[EventCountry "YUG"]
[SourceTitle "CBM 138 Extra"]
[Source "ChessBase"]
[SourceDate "2010.10.29"]
[SourceVersion "1"]
[SourceVersionDate "2010.10.29"]
[SourceQuality "1"]

1. d4 d5 2. Nf3 Nf6 3. c4 e6 4. Bg5 c6 5. e3 h6 6. Bh4 Nbd7 7. Qc2 Bd6 8. Nc3 0-0 9. Bd3 dxc4 10. Bxc4 e5 11. 0-0 exd4 12. Nxd4 Bxh2+ 13. Kxh2 Ng4+ 14. Kg3 g5 15. Bxf7+ 1/2-1/2

[Event "SRB-chT (Women)"]
[Site "Subotica"]
[Date "2008.09.12"]
[Round "10"]
[White "Babic, Marijana"]
[Black "Nedeljkovic, Jelena"]
[Result "1-0"]
[WhiteElo "2141"]
[BlackElo "1851"]
[PlyCount "49"]
[EventDate "2008.09.03"]
[EventType "team"]
[EventRounds "11"]
[EventCountry "YUG"]
[SourceTitle "CBM 126 Extra"]
[Source "ChessBase"]
[SourceDate "2008.11.05"]
[SourceVersion "1"]
[SourceVersionDate "2008.11.05"]
[SourceQuality "1"]

1. e4 e5 2. Nf3 Nf6 3. Nxe5 d6 4. Nf3 Nxe4 5. d4 d5 6. Bd3 Nc6 7. 0-0 Be7 8. c4 0-0 9. Nc3 Nxc3 10. bxc3 Bg4 11. Rb1 dxc4 12. Bxc4 Na5 13. Bd3 Qd5 14. Rb5 Qxa2 15. Bb1 Bxf3 16. Qxf3 Qa4 17. Qf5 g6 18. Rxa5 Qb3 19. Qd3 Qe6 20. Ba2 Qg4 21. Bh6 Rfe8 22. Qc4 Qe6 23. Qxc7 Qf6 24. Qxb7 g5 25. Rxg5+ 1-0

[Event "SRB-chT (Women)"]
[Site "Subotica"]
[Date "2008.09.04"]
[Round "2"]
[White "Babic, Marijana"]
[Black "Rapport, Jovana"]
[Result "1-0"]
[WhiteElo "2141"]
[BlackElo "2289"]
[PlyCount "137"]
[EventDate "2008.09.03"]
[EventType "team"]
[EventRounds "11"]
[EventCountry "YUG"]
[SourceTitle "CBM 126 Extra"]
[Source "ChessBase"]
[SourceDate "2008.11.05"]
[SourceVersion "1"]
[SourceVersionDate "2008.11.05"]
[SourceQuality "1"]

1. e4 e6 2. d3 c5 3. Nf3 Nc6 4. g3 Nge7 5. Bg2 g6 6. 0-0 Bg7 7. c3 0-0 8. d4 d5 9. e5 Qb6 10. dxc5 Qxc5 11. Qe2 Qb6 12. Na3 a6 13. Bf4 Bd7 14. Rad1 Rfc8 15. Rfe1 Be8 16. Qd2 Nb8 17. Bg5 Qc7 18. Qf4 b5 19. Nc2 Nec6 20. Bf6 Bf8 21. Ncd4 Nxd4 22. Rxd4 Nd7 23. Bg5 Bg7 24. h4 Qa5 25. a3 Rc4 26. h5 Rxd4 27. Nxd4 Qc7 28. hxg6 hxg6 29. Nf3 Qc4 30. Qe3 Rc8 31. Be7 Qc7 32. Qg5 Nf8 33. Bd6 Nh7 34. Qe3 Qd8 35. Nh2 Rc6 36. Ng4 Qb6 37. Nh6+ Kh8 38. Qf4 Qa7 39. Qd2 Rc4 40. Bf3 Qd7 41. Ng4 Qd8 42. Be2 Rc6 43. Kg2 Qg5 44. f4 Qd8 45. Rh1 Rxd6 46. exd6 Qxd6 47. Qe3 d4 48. cxd4 Bxd4 49. Rd1 Qc6+ 50. Qf3 Qc2 51. Qd3 Bc6+ 52. Kf1 Qxd3 53. Rxd3 Bxb2 54. Rd6 Bd5 55. Rxa6 g5 56. Ne3 Nf6 57. fxg5 Ne4 58. Nxd5 Nxg3+ 59. Ke1 Nxe2 60. Kxe2 exd5 61. Kd3 Kg7 62. Kc2 Bd4 63. Ra5 f6 64. Rxb5 fxg5 65. Rxd5 Be3 66. Kd3 Bc1 67. a4 Kf6 68. a5 g4 69. Ke4 1-0

[Event "SRB-chT (Women)"]
[Site "Subotica"]
[Date "2008.09.03"]
[Round "1"]
[White "Muzychuk, Mariya"]
[Black "Babic, Marijana"]
[Result "1-0"]
[WhiteElo "2413"]
[BlackElo "2141"]
[PlyCount "107"]
[EventDate "2008.09.03"]
[EventType "team"]
[EventRounds "11"]
[EventCountry "YUG"]
[SourceTitle "CBM 126 Extra"]
[Source "ChessBase"]
[SourceDate "2008.11.05"]
[SourceVersion "1"]
[SourceVersionDate "2008.11.05"]
[SourceQuality "1"]

1. e4 e5 2. Nf3 Nc6 3. d4 exd4 4. Nxd4 Nf6 5. Nxc6 bxc6 6. e5 Qe7 7. Qe2 Nd5 8. c4 Ba6 9. b3 g6 10. Ba3 Nb4 11. Bb2 Bg7 12. a3 Nd5 13. Nd2 c5 14. 0-0-0 0-0 15. g3 Rab8 16. Bg2 Nb6 17. Qe3 f6 18. f4 fxe5 19. fxe5 Bb7 20. Bxb7 Rxb7 21. Rhf1 Rbb8 22. Kc2 a5 23. a4 d5 24. cxd5 Nxd5 25. Qe4 Nb4+ 26. Kb1 Qe6 27. Qc4 Qxc4 28. Rxf8+ Kxf8 29. Nxc4 Nc6 30. Rd3 Ke7 31. Rd5 Nd4 32. Bxd4 cxd4 33. Kc2 Rf8 34. Rxd4 Ke6 35. Rd2 h5 36. Re2 Rf5 37. Nxa5 Rxe5 38. Kd3 Rxe2 39. Kxe2 h4 40. gxh4 Be5 41. h3 Kd5 42. Nc4 Bf6 43. a5 Kc6 44. a6 Bd4 45. Kd3 Bf2 46. Ne5+ Kb6 47. Nxg6 Kxa6 48. h5 Kb5 49. h6 c5 50. h7 Bd4 51. h8Q Bxh8 52. Nxh8 Kb4 53. Ng6 Kxb3 54. Ne5 1-0

[Event "SRB-chT (Women) 1st"]
[Site "Zlatibor"]
[Date "2007.08.31"]
[Round "11"]
[White "Babic, Marijana"]
[Black "Maksimovic, Suzana"]
[Result "1/2-1/2"]
[WhiteElo "2141"]
[BlackElo "2259"]
[PlyCount "85"]
[EventDate "2007.08.21"]
[EventType "team"]
[EventRounds "11"]
[EventCountry "YUG"]
[SourceTitle "CBM 120 Extra"]
[Source "ChessBase"]
[SourceDate "2007.11.01"]
[SourceVersion "1"]
[SourceVersionDate "2007.11.01"]
[SourceQuality "1"]

1. e4 c5 2. Nf3 Nc6 3. Bb5 g6 4. Bxc6 dxc6 5. d3 Bg7 6. Nc3 e5 7. Be3 b6 8. 0-0 h6 9. a3 Bg4 10. h3 Bxf3 11. Qxf3 Nf6 12. b4 0-0 13. bxc5 b5 14. a4 b4 15. Ne2 Nd7 16. Rab1 Qa5 17. Bd2 Rab8 18. c3 b3 19. Rb2 Nxc5 20. Rfb1 Qxa4 21. d4 Ne6 22. dxe5 Rfd8 23. Nc1 c5 24. Nxb3 Rxb3 25. Rxb3 Rxd2 26. Rb8+ Nf8 27. e6 fxe6 28. g3 Rd7 29. R8b7 Qc6 30. Rxd7 Nxd7 31. Qe3 Kh7 32. f4 Nf6 33. e5 Nd5 34. Qe4 c4 35. Kh2 Qc5 36. Qf3 Qa3 37. Rb7 Qa2+ 38. Qg2 Qa1 39. Qf2 Qxc3 40. Qxa7 Qd2+ 41. Kh1 Qe1+ 42. Kh2 Qe2+ 43. Kh1 1/2-1/2

[Event "SRB-chT (Women) 1st"]
[Site "Zlatibor"]
[Date "2007.08.24"]
[Round "4"]
[White "Gaponenko, Inna"]
[Black "Babic, Marijana"]
[Result "1-0"]
[WhiteElo "2458"]
[BlackElo "2141"]
[PlyCount "79"]
[EventDate "2007.08.21"]
[EventType "team"]
[EventRounds "11"]
[EventCountry "YUG"]
[SourceTitle "CBM 120 Extra"]
[Source "ChessBase"]
[SourceDate "2007.11.01"]
[SourceVersion "1"]
[SourceVersionDate "2007.11.01"]
[SourceQuality "1"]

1. e4 e5 2. Nf3 Nc6 3. Bb5 a6 4. Bxc6 dxc6 5. 0-0 f6 6. d4 exd4 7. Nxd4 c5 8. Ne2 Qxd1 9. Rxd1 Bd7 10. Be3 0-0-0 11. Nbc3 Re8 12. Rd2 Bc6 13. Rad1 b6 14. f3 Ne7 15. Nf4 Ng6 16. Nxg6 hxg6 17. Bf4 Be7 18. Nd5 Bd8 19. Ne3 f5 20. exf5 g5 21. Rxd8+ Rxd8 22. Bxg5 Rxd1+ 23. Nxd1 Bd5 24. a3 Kd7 25. Ne3 c6 26. Ng4 b5 27. Ne5+ Kd6 28. Bf4 Re8 29. Ng6+ Kd7 30. Kf2 b4 31. h4 a5 32. g4 c4 33. c3 bxa3 34. bxa3 Ra8 35. Be5 Bf7 36. Bxg7 Bxg6 37. fxg6 Rg8 38. Bd4 Rxg6 39. h5 Rh6 40. Bg7 1-0

[Event "SCG Cup (Woman)"]
[Site "Vrnjacka Banja"]
[Date "2006.05.03"]
[Round "3"]
[White "Maric, Alisa"]
[Black "Babic, Marijana"]
[Result "1-0"]
[WhiteElo "2415"]
[BlackElo "2141"]
[PlyCount "45"]
[EventDate "2006.05.01"]
[EventType "swiss"]
[EventRounds "7"]
[EventCountry "YUG"]
[SourceTitle "EXT 2007"]
[Source "ChessBase"]
[SourceDate "2006.11.23"]
[SourceVersion "1"]
[SourceVersionDate "2006.11.23"]
[SourceQuality "1"]

1. d4 d5 2. Nf3 Nf6 3. c4 e6 4. Nc3 c6 5. e3 Nbd7 6. Qc2 Bd6 7. Bd3 dxc4 8. Bxc4 0-0 9. 0-0 a6 10. a4 Qc7 11. Rd1 c5 12. Ne4 Nxe4 13. Qxe4 Nf6 14. Qh4 b6 15. dxc5 Bxc5 16. b4 Bxb4 17. Bb2 Qe7 18. Bd3 e5 19. Bxe5 h6 20. Bxf6 gxf6 21. Qxh6 f5 22. Ng5 f6 23. Bc4+ 1-0

[Event "SCG-chT1 (Women)"]
[Site "Vrnjacka Banja"]
[Date "2005.10.25"]
[Round "9"]
[White "Babic, Marijana"]
[Black "Zelenaja Azaric, Galina"]
[Result "1/2-1/2"]
[WhiteElo "2141"]
[BlackElo "2116"]
[PlyCount "119"]
[EventDate "2005.10.17"]
[EventType "team"]
[EventRounds "11"]
[EventCountry "YUG"]
[SourceTitle "EXT 2006"]
[Source "ChessBase"]
[SourceDate "2005.11.24"]
[SourceVersion "1"]
[SourceVersionDate "2005.11.24"]
[SourceQuality "1"]

1. e4 c5 2. Nf3 e6 3. d3 Nc6 4. g3 d6 5. Bg2 g6 6. 0-0 Bg7 7. c3 Nge7 8. d4 0-0 9. Be3 cxd4 10. cxd4 d5 11. e5 b6 12. Nc3 Ba6 13. Re1 Nb4 14. a3 Nd3 15. Re2 Nxe5 16. Nxe5 Bxe2 17. Qxe2 Nf5 18. Rd1 a6 19. Bh3 Nd6 20. Bf4 Re8 21. Nc6 Qc7 22. Nb4 b5 23. Nxa6 Rxa6 24. Nxb5 Qd7 25. Nxd6 Rxd6 26. Bxd6 Qxd6 27. Rd3 Qb6 28. Qd2 Ra8 29. Bg4 Bf8 30. Bd1 Be7 31. b4 Rb8 32. h4 h5 33. Qf4 Rb7 34. g4 Bd6 35. Qg5 Be7 36. Qf4 Bd6 37. Qf3 Qd8 38. Qh3 hxg4 39. Qxg4 Qf6 40. h5 g5 41. Qf3 Bf4 42. Be2 Rc7 43. Rc3 Rxc3 44. Qxc3 Bd6 45. Qe3 Qh6 46. Bd1 Bf4 47. Qc3 g4 48. Bxg4 Qg5 49. f3 f5 50. Qc8+ Kf7 51. Qd7+ Kf8 52. Qxe6 fxg4 53. fxg4 Be3+ 54. Kg2 Bxd4 55. Kf3 Bf6 56. Qe3 Qh4 57. Qc5+ Be7 58. Qc8+ Kg7 59. Qc3+ Kf7 60. Qd4 1/2-1/2

[Event "SCG-ch (Women)"]
[Site "Pancevo"]
[Date "2005.04.19"]
[Round "2"]
[White "Benderac, Ana"]
[Black "Babic, Marijana"]
[Result "1/2-1/2"]
[WhiteElo "2287"]
[BlackElo "2141"]
[PlyCount "58"]
[EventDate "2005.04.18"]
[EventType "tourn"]
[EventRounds "9"]
[EventCountry "YUG"]
[SourceTitle "CBM 105 Extra"]
[Source "ChessBase"]
[SourceDate "2005.05.01"]
[SourceVersion "1"]
[SourceVersionDate "2005.05.01"]
[SourceQuality "1"]

1. d4 Nf6 2. Nf3 d5 3. e3 c5 4. Be2 Bg4 5. h3 Bh5 6. dxc5 Nc6 7. c3 a5 8. Nd4 Bxe2 9. Qxe2 a4 10. 0-0 e6 11. b4 axb3 12. Nxb3 Ra4 13. N1d2 Ne5 14. Bb2 Be7 15. c4 Nxc4 16. Nxc4 dxc4 17. Rfd1 Qc7 18. Rd4 0-0 19. Rxc4 Rfa8 20. Rxa4 Rxa4 21. Bxf6 Bxf6 22. Rc1 g6 23. Rc2 Qe5 24. Qb5 Qe4 25. Qe2 Be5 26. Nc1 Bc7 27. Nb3 h5 28. c6 bxc6 29. Nc5 Qe5 1/2-1/2

[Event "Bucharest Winter Cup (Women)"]
[Site "Bucharest"]
[Date "2004.12.08"]
[Round "6"]
[White "Calotescu, Ana Cristina"]
[Black "Babic, Marijana"]
[Result "1-0"]
[WhiteElo "2294"]
[BlackElo "2141"]
[PlyCount "119"]
[EventDate "2004.12.03"]
[EventType "tourn"]
[EventRounds "10"]
[EventCountry "ROU"]
[SourceTitle "EXT 2006"]
[Source "ChessBase"]
[SourceDate "2005.11.24"]
[SourceVersion "1"]
[SourceVersionDate "2005.11.24"]
[SourceQuality "1"]

1. c4 e6 2. Nf3 d5 3. g3 Nf6 4. Bg2 Be7 5. b3 0-0 6. 0-0 c6 7. Bb2 Nbd7 8. d3 b6 9. Nbd2 Bb7 10. e4 dxe4 11. dxe4 Nc5 12. e5 Nfe4 13. Nxe4 Nxe4 14. Qc2 Nc5 15. Rfd1 Qc7 16. h4 Rfd8 17. Ng5 Bxg5 18. hxg5 a5 19. Qc3 Na6 20. Rd6 c5 21. Bxb7 Qxb7 22. Rad1 Qc7 23. a3 Rac8 24. Qd3 Re8 25. Kg2 Nb8 26. Rh1 g6 27. Qe4 Nd7 28. Rhd1 Nf8 29. R1d3 Re7 30. Qe2 Rd7 31. Qd2 Rcd8 32. Kg1 Qb7 33. Kh2 Kg7 34. b4 axb4 35. axb4 Kg8 36. bxc5 bxc5 37. Bc3 Rxd6 38. exd6 Nd7 39. Qf4 Rf8 40. g4 Qc6 41. Rh3 e5 42. Bxe5 Nxe5 43. Qxe5 Re8 44. Qf6 Re6 45. Qd8+ Re8 46. Qc7 Qxc7 47. dxc7 Rc8 48. Rd3 Rxc7 49. Kg3 Kg7 50. Rd6 h6 51. gxh6+ Kxh6 52. Kf4 Kg7 53. g5 Kf8 54. Ke5 Ke7 55. Kd5 Ra7 56. Rb6 Ra2 57. Rf6 Re2 58. f4 Ra2 59. Kxc5 Ra5+ 60. Kb6 1-0

[Event "Bucharest Winter Cup (Women)"]
[Site "Bucharest"]
[Date "2004.12.06"]
[Round "4"]
[White "Wagener, Anna"]
[Black "Babic, Marijana"]
[Result "1-0"]
[WhiteElo "2299"]
[BlackElo "2141"]
[PlyCount "99"]
[EventDate "2004.12.03"]
[EventType "tourn"]
[EventRounds "10"]
[EventCountry "ROU"]
[SourceTitle "EXT 2006"]
[Source "ChessBase"]
[SourceDate "2005.11.24"]
[SourceVersion "1"]
[SourceVersionDate "2005.11.24"]
[SourceQuality "1"]

1. e4 e5 2. Nf3 Nc6 3. Bb5 a6 4. Ba4 Nf6 5. Bxc6 dxc6 6. d3 Nd7 7. Nbd2 Bd6 8. Nc4 c5 9. Bd2 0-0 10. Bc3 f6 11. 0-0 Nb8 12. Ne3 Nc6 13. b3 Nd4 14. Bb2 g6 15. Nd2 b6 16. c3 Ne6 17. Nf3 Rf7 18. Qc2 Bb7 19. Rad1 Rd7 20. h3 Bf8 21. d4 exd4 22. cxd4 Nxd4 23. Qc4+ Kh8 24. Nxd4 cxd4 25. Bxd4 Bg7 26. Bb2 Rxd1 27. Rxd1 Qe7 28. Nd5 Bxd5 29. Qxd5 Re8 30. f3 h5 31. Qd7 Kh7 32. Rd5 h4 33. Kf1 Kg8 34. Ba3 c5 35. Qc6 Rd8 36. Qxb6 Rxd5 37. exd5 Qe3 38. Qe6+ Qxe6 39. dxe6 Bf8 40. Ke2 Bd6 41. Bb2 Kf8 42. Bxf6 Be7 43. Bb2 Bd6 44. Kd3 Ke7 45. Kc4 Kxe6 46. Ba3 Ke5 47. Bc1 Kf5 48. Be3 g5 49. a4 Be7 50. Kd5 1-0

[Event "Belgrade Trophy 17th"]
[Site "Obrenovac"]
[Date "2004.11.30"]
[Round "9"]
[White "Vasiljevic, Dragan"]
[Black "Babic, Marijana"]
[Result "0-1"]
[WhiteElo "2321"]
[BlackElo "2141"]
[PlyCount "86"]
[EventDate "2004.11.22"]
[EventType "swiss"]
[EventRounds "9"]
[EventCountry "YUG"]
[SourceTitle "CBM 103 Extra"]
[Source "ChessBase"]
[SourceDate "2005.01.01"]
[SourceVersion "1"]
[SourceVersionDate "2005.01.01"]
[SourceQuality "1"]

1. d4 Nf6 2. Nf3 d5 3. e3 c5 4. c3 e6 5. Nbd2 Nc6 6. Ne5 Nxe5 7. dxe5 Nd7 8. f4 b6 9. Bd3 Bb7 10. 0-0 Qc7 11. Qh5 g6 12. Qe2 Bg7 13. c4 0-0-0 14. e4 Rhe8 15. cxd5 exd5 16. exd5 Bxd5 17. Be4 Bxe4 18. Nxe4 Kb8 19. Qa6 f6 20. Nc3 Qb7 21. Qxb7+ Kxb7 22. Ne4 Kc6 23. Nxf6 Nxf6 24. exf6 Bxf6 25. Kf2 Bxb2 26. Bxb2 Rd2+ 27. Kf3 Rxb2 28. Rf2 Rxf2+ 29. Kxf2 c4 30. g4 b5 31. Kf3 Kc5 32. h4 c3 33. f5 gxf5 34. gxf5 Kc4 35. Kf4 c2 36. f6 Kc3 37. Kg5 Kb2 38. Rh1 c1Q+ 39. Rxc1 Kxc1 40. f7 Rb8 41. Kf6 Kb2 42. Kg7 Kxa2 43. h5 b4 0-1